L'unico ragazzo per me /

Saved in:
Bibliografiske detaljer
Hovedforfatter: McNeil, Gil (Author)
Andre forfattere: Pareschi, Monica
Format: Bog
Sprog:italiensk
Udgivet: Milano : Mondadori, 2001
Serier:Omnibus
Tags: Tilføj Tag
Ingen Tags, Vær først til at tagge denne postø!

MARC

LEADER 00000nam a2200000 i 4500
001 IT\ICCU\TO0\0982362
003 ItRI
005 20260115231850.0
008 010921s2001 it |||||| ||||| |||||c
015 |2 IT  |a 2002-8064 
020 |a 880449039X 
040 |b ita  |c importazione bologna sebina 
041 7 |a ita  |2 ISO-639-2 
082 |a 823.92  |9 NARRATIVA INGLESE, 2000-  |2 21 
100 1 |a McNeil, Gil  |0 IT\ICCU\TO0V\403396  |4 aut 
240 1 4 |a The only boy for me.  |3 IT\ICCU\TO0\0982364  |9 McNeil, Gil 
245 1 2 |a L'unico ragazzo per me /  |c Gil McNeil ; traduzione di Monica Pareschi. 
260 |a Milano :  |b Mondadori,  |c 2001 
300 |a 256 p. ;  |c 23 cm. 
700 1 |a Pareschi, Monica  |0 IT\ICCU\VIAV\099558 
830 0 |a Omnibus  |0 IT\ICCU\CFI\0000512 
942 |2 ddc  |c BK  |n 0 
952 |0 0  |1 0  |4 0  |6 DOC_823_920000000000000_MCN  |7 0  |9 14597  |a BO  |b BO  |d 2026-01-15  |i 9180  |l 0  |o DOC 823.92 MCN  |p BO9180  |r 2026-01-15 23:18:50  |w 2026-01-15  |x [Sebina 5] [1 v.]  |y BK  |z 1 v. 
999 |c 12592  |d 12592